Código de minería: edición oficial, aprobada por decreto N§ 4, de 4 de enero de 2008, del Ministerio de Justicia

Guardado en:
Detalles Bibliográficos
Formato: Libro
Lenguaje:español
Publicado: Santiago Jurídica 2009
Edición:6a. ed
Materias:
Etiquetas: Agregar Etiqueta
Sin Etiquetas, Sea el primero en etiquetar este registro!

MARC

LEADER 00000nam a2200000 a 4500
001 UCH3672
003 CL-VaPUC
008 090813e20090000CL |||||||||||||||||spa|d
020 |a 9789561019263 
082 0 4 |a 343.83077  |b COD  |2 21 
245 1 0 |a Código de minería: edición oficial, aprobada por decreto N§ 4, de 4 de enero de 2008, del Ministerio de Justicia 
250 |a 6a. ed 
300 |a 350 p 
942 |c BK 
945 |d 20090813 00:00:00  |a rbrito 
260 |a Santiago  |b Jurídica  |c 2009 
500 |a Edición actualizada al 26 d emayo de 2009 
500 |a Incluye CD 
650 0 |a Derecho de minería  |9 344919 
650 0 |a Código de minería   |9 256729 
583 |a last modification  |c 20090813 00:00:00  |k Rodrigo Vera 
999 |c 335155  |d 335153 
952 |0 0  |1 0  |2 ddc  |4 0  |6 343_830770000000000_COD_2009  |7 0  |8 FOND_LRYV  |9 424795  |a BIBDER  |b BIBDER  |d 2019-11-22  |i 458662K  |o 343.83077 COD 2009  |p 458662K  |r 2023-01-25  |w 2019-11-22  |y BK_X  |k DER 
952 |0 0  |1 0  |2 ddc  |4 0  |6 343_830770000000000_COD_2009  |7 0  |8 FOND_LRYV  |9 424797  |a BIBDER  |b BIBDER  |d 2019-11-22  |i 4586646  |o 343.83077 COD 2009  |p 4586646  |r 2023-01-25  |w 2019-11-22  |y BK_X  |k DER